000 00304nam a22001337a 4500
008 181218b xxu||||| |||| 00| 0 eng d
020 _a9780471459064
041 _aeng
080 _a159.9
100 _a48
101 _aPSI
245 _aPositive Psychology in Practice
_cLinley,P.A
942 _2udc
_cBK
999 _c53472
_d53472